000 00585nam a2200217Ia 4500
003 OSt
005 20221002054950.0
006 a|||||r|||| 00| 0
007 ta
008 220930b |||||||| |||| 00| 0 220930b |||||||| |||| 00| 0 ben d d
024 _a71285
037 _cReference Collections
040 _aCRL
_cCRL
_bban
041 _2ban
_aban
082 _aP157:4k, G7.1-.2(RR)
100 _aDas
245 0 _aBangla Bhashar Abhidhan
260 _c1937
942 _hP157:4k, G7.1-.2(RR)
_cref
_2CC
999 _c926382
_d926382